000 00833cam a2200253 a 4500
001 1597365
005 20180308031828.0
008 940613s1995 cou b 001 0 eng
010 _a 94025734
020 _a1555875181 (alk. paper)
020 _a1555875602 (pbk. : alk. paper)
040 _aDLC
_cDLC
_dDLC
041 _aeng
043 _af------
080 _a320.9609045 ZAR
082 0 0 _a320.9609045 ZAR
_220
100 _a20
101 _aPOL
245 0 0 _aCollapsed states :
_cedited by I. William Zartman.
504 _aIncludes bibliographical references (p. 275-289) ) and index.
906 _a7
_bcbc
_corignew
_d1
_eocip
_f19
_gy-gencatlg
942 _2ddc
_cBK
999 _c44354
_d44354